000 00453nam a2200181 4500
999 _c4348
_d4348
008 200731b ||||| |||| 00| 0 eng d
020 _cRs.25.00
041 0 _ahin
082 0 0 _a891.43
_bA2849
100 _93500
_aAjneya
245 1 0 _aAapne aapne ajanabee /
_cby Ajneya
250 _a11th ed.
260 _aNew Delhi:
_bBharatiya gyanpith prakashan,
_c1989.
300 _a103 p.
365 _bINR 25.00
650 0 _aHindi fiction
942 _2ddc
_cBK